000 00319nam a2200133Ia 4500
005 20251222155207.0
008 251222s9999||||xx |||||||||||||| ||spa||
082 _aAFIS. 02.6
100 _aGAYTON, Artur.
245 0 _aTratado de Fisiología Médica
250 _a6ta. ed.
264 _bInteramericana
942 _cLIB
999 _c40161
_d40161